Elektrosvit časopis ZS ROH Závodu Elektrosvit, n. p.
| Previous Title: | Vpred k socializmu |
|---|---|
| Format: | Journal |
| Language: | Slovak Hungarian Czech |
| PhysicalDescription: | 56 zv. 30-43 cm |
| Published: |
Nové Zámky
Elektrosvit
1950-[2005]
|
| ISSN: | 1210-2148 |
| Subjects: |
MARC
| LEADER | 00000cas a2200000 a 4500 | ||
|---|---|---|---|
| 001 | vtls010299698 | ||
| 003 | SK-MaSNL | ||
| 005 | 20260228162952.0 | ||
| 008 | 110810c19502005xo x|p 0 b0slo | ||
| 022 | |a 1210-2148 | ||
| 040 | |a SNK |b slo |c SNK |e AACR2 | ||
| 041 | 0 | |a slo |a hun |a cze | |
| 044 | |a xo |c SK | ||
| 072 | 7 | |a 621.3 |x Elektrotechnika |2 konspekt | |
| 080 | |a 621 |2 2001 | ||
| 080 | |a 050 |2 2001 | ||
| 080 | |a 628.94 |2 2001 | ||
| 080 | |a 641.546.44 |2 2001 | ||
| 210 | 0 | |a Elektrosvit |b (Nové Zámky) | |
| 222 | 0 | |a Elektrosvit |b (Nové Zámky) | |
| 245 | 0 | 0 | |a Elektrosvit |b časopis ZS ROH Závodu Elektrosvit, n. p. |
| 260 | |a Nové Zámky |b Elektrosvit |c 1950-[2005] | ||
| 300 | |a 56 zv. |c 30-43 cm | ||
| 310 | |a Perodicita nie je známa |b 1999-[2005] | ||
| 321 | |a Nepravidelne |b 15/1954-32/1954 | ||
| 321 | |a 1x týždenne |b 1/1954-14/1954 | ||
| 321 | |a 26x ročne |b 1950-1953 | ||
| 321 | |a 26x ročne |b 1955-23/1960 | ||
| 321 | |a Nepravidelne |b 1961-1965 | ||
| 321 | |a 1x týždenne |b 1966-1967 | ||
| 321 | |a 26x ročne |b 1968-1990 | ||
| 321 | |a 1x týždenne |b 1/1991-20/1991 | ||
| 321 | |a 26x ročne |b 21/1991-1997 | ||
| 321 | |a 1x mesačne |b 1998 | ||
| 362 | 0 | |a Roč. I, č. 1 (1950)-[2005] |z SKP | |
| 500 | |a Redaktori sa menia | ||
| 500 | |a Tlač. Západoslov. tlačiarne, záv. v Nových Zámkoch, od č. 2/1953 Nitrianske tlačiarne, záv. v Nových Zámkoch, od č. 9/1958 Západoslovenské tlačiarne, závod v Nových Zámkoch, od č. 36/1965 Západoslovenské tlačiarne, n.p., závod Nitra, od č. 6/1967 Západoslovenské tlačiarne závod Nové Zámky, od č. 19/1969 Nitrianske tlačiarne, n.p., Nitra, prevádzkáreň Nové Zámky, od č. 1/1991 Elektrosvit, od č. 1/1997 Copy Centrum firma M & A Nové Zámky | ||
| 500 | |a Po reorganizácii závodu nahradil časopis: Vpred k socializmu | ||
| 500 | |a Povolenie PIO č. 22.817/50-II/3 | ||
| 500 | |a Od č. 5/1951 rozmer zv. 43 cm | ||
| 500 | |a Povolenie PIO č. 644/52-IV/2 zo dňa 11.3.1952 | ||
| 500 | |a Podnázov sa mení | ||
| 500 | |a Vyd. ZS-ROH, n.p. Elektrosvit, závod v Nových Zámkoch, od č. 2/1953 ZO KSS, ZS ROH, ZO ČSM a vedenie n.p. Elektrosvit v Nových Zámkoch, od č. 9/1972 CZV KSS a vedenie podniku, od č. 8/1989 stranícky výbor a vedenie š.p. Elektrosvit v Nových Zámkoch, od č. 24/1989 vedenie štátneho podniku Elektrostvit v Nových Zámkoch | ||
| 500 | |a Povolenie Zs. KNV Bratislava, registr. zn. RM-45 zo dňa 16.5.1968 | ||
| 500 | |a Od č. 1/1991 rozmer zv. 30 cm | ||
| 500 | |a Registračné č. ZsKNV ZKP-5 | ||
| 515 | |a Niektoré čísla vyšli ako dvojčíslo, od roč. 50/1999 vychádzal podľa potreby | ||
| 515 | |a Prerušené vydávanie mar. 1967-aug. 1968 | ||
| 546 | |a Text aj v maď. a češ. | ||
| 610 | 2 | 7 | |a Elektrosvit (Nové Zámky, Slovensko) |2 SNKKA |9 182901 |
| 650 | 0 | 7 | |a elektrotechnika |2 SNKPH |9 3619 |
| 650 | 0 | 7 | |a svietidlá |2 SNKPH |9 26801 |
| 650 | 0 | 7 | |a chladničky |2 SNKPH |9 51105 |
| 655 | 7 | |a podnikové periodiká |2 SNKPH |9 132333 | |
| 780 | 0 | 2 | |t Vpred k socializmu |w vtls010302533 |
| 910 | |a snk | ||
| 916 | |a 1950-1952, 1954-1998, 1999-2004 | ||
| 958 | |a OND | ||
| 999 | |c 8657 |d 10587 | ||
| 952 | |0 0 |1 0 |4 0 |7 0 |a SNK |b SNK |d 2015-06-04 |f 1 |i snkČSP 542/63 |l 0 |o snkČSB 556/13/1962 |p 17A0713330 |r 2026-02-21 19:31:00 |t č. 1-50 |w 2026-02-21 |y PREZ | ||
| 952 | |0 0 |1 0 |4 0 |7 0 |a SNK |b SNK |d 2015-06-04 |f 1 |i snkČSP 19/62 |l 0 |o snkČSB 556/12/1961 |p 17A0713311 |r 2026-02-21 19:31:00 |t č. 1-23 |w 2026-02-21 |y PREZ | ||
| 952 | |0 0 |1 0 |3 rekatalogizáci |4 0 |7 0 |a SNK |b SNK |d 2009-12-11 |i snkXI. 3606/55 |l 0 |o snkČSB 556/3/1952 D1 |p 17A0636767 |r 2026-02-21 19:31:21 |t č. 1-20 |w 2026-02-21 |y PREZ | ||
| 952 | |0 0 |1 0 |4 0 |7 0 |a SNK |b SNK |d 2009-12-11 |i snkČSP 127/59 |l 0 |o snkČSB 556/9/1958 D1 |p 17A0636779 |r 2026-02-21 19:31:21 |t č. 1-26 |w 2026-02-21 |y PREZ | ||
| 952 | |0 0 |1 0 |4 0 |7 0 |a SNK |b SNK |d 2009-12-11 |i snkČSP 166/57 |l 0 |o snkČSB 556/6/1955 D1 |p 17A0636830 |r 2026-02-21 19:31:21 |t č. 1-24, chýba č. 13 |w 2026-02-21 |y PREZ | ||
| 952 | |0 0 |1 0 |4 0 |7 0 |a SNK |b SNK |d 2009-12-11 |i snkČSP 120/58 |l 0 |o snkČSB 556/8/1957 D1 |p 17A0636829 |r 2026-02-21 19:31:21 |t č. 1-24 |w 2026-02-21 |y PREZ | ||
| 952 | |0 0 |1 0 |4 0 |7 0 |a SNK |b SNK |d 2009-12-11 |i snkČSP 375/57 |l 0 |o snkČSB 556/7/1956 D1 |p 17A0636766 |r 2026-02-21 20:22:03 |t č. 1-24, chýba č. 2 |w 2026-02-21 |y PREZ | ||
| 952 | |0 0 |1 0 |4 0 |7 0 |a SNK |b SNK |d 2009-12-11 |i snkII. 2354/55 |l 0 |o snkČSB 556/5/1954 D1 |p 17A0636831 |r 2026-02-21 20:22:22 |w 2026-02-21 |y PREZ | ||
| 952 | |0 0 |1 0 |4 0 |7 0 |a SNK |b SNK |d 1997-09-22 |f 1 |i snkČSP 3913/92 |l 0 |o snkČSB 556/41/1990 |p 17A0094723 |r 2005-01-02 00:00:00 |t č. 1-26, neúplné |w 2026-02-21 |y PREZ |z chýba č. 17-26 | ||
| 952 | |0 0 |1 0 |4 0 |7 0 |a SNK |b SNK |d 2015-06-04 |f 1 |i snkČSP 967/67 |l 0 |o snkČSB 556/17/1966 |p 17A1144594 |r 2026-02-21 21:01:53 |t č. 1-50 |w 2026-02-21 |y PREZ | ||
| 952 | |0 0 |1 0 |4 0 |7 0 |a SNK |b SNK |d 2000-04-25 |f 1 |i snkČSP 3911/92 |l 0 |o snkČSB 556/42/1991 |p 17A0235737 |r 2005-01-02 00:00:00 |t č. 1-23 |w 2026-02-21 |y PREZ |z č. 15 nevyšlo | ||
| 952 | |0 0 |1 0 |4 0 |7 0 |a SNK |b SNK |d 1998-07-08 |l 0 |o snkČSB 556/42/1991 D1 |p 17A0148567 |r 2005-01-02 00:00:00 |w 2026-02-21 |y PREZ | ||
| 952 | |0 0 |1 0 |4 0 |7 0 |a SNK |b SNK |d 2015-06-04 |f 1 |i snk558/51 |l 0 |o snkČSB 556/1/1950 |p 17A0713343 |r 2026-02-21 21:45:09 |t č. 1-5 |w 2026-02-21 |y PREZ | ||
| 952 | |0 0 |1 0 |4 0 |7 0 |a SNK |b SNK |d 2015-06-04 |f 1 |i snkČSP 36/71 |l 0 |o snkČSB 556/21/1970 |p 17A0713319 |r 2026-02-21 21:45:09 |t č. 1-24 |w 2026-02-21 |y PREZ | ||
| 952 | |0 0 |1 0 |4 0 |7 0 |a SNK |b SNK |d 2015-06-04 |f 1 |i snkČSP 265/70 |l 0 |o snkČSB 556/20/1969 |p 17A0713310 |r 2026-02-21 21:45:09 |t č. 1-24 |w 2026-02-21 |y PREZ | ||
| 952 | |0 0 |1 0 |4 0 |7 0 |a SNK |b SNK |d 2015-06-04 |f 1 |i snkČSP 608/69 |l 0 |o snkČSB 556/19/1968 |p 17A0713329 |r 2026-02-21 21:45:09 |t č. 1-11 |w 2026-02-21 |y PREZ | ||
| 952 | |0 0 |1 0 |4 0 |7 0 |a SNK |b SNK |d 2015-06-04 |f 1 |i snkČSP 879/67 |l 0 |o snkČSB 556/18/1967 |p 17A0713322 |r 2026-02-21 21:45:09 |t č. 1-11 |w 2026-02-21 |y PREZ | ||
| 952 | |0 0 |1 0 |4 0 |7 0 |a SNK |b SNK |d 2015-06-04 |f 1 |i snkČSP 206/66 |l 0 |o snkČSB 556/16/1965 |p 17A0713324 |r 2026-02-21 21:45:09 |t č. 1-50 |w 2026-02-21 |y PREZ | ||
| 952 | |0 0 |1 0 |4 0 |7 0 |a SNK |b SNK |d 2015-06-04 |f 1 |i snkČSP 505/65 |l 0 |o snkČSB 556/15/1964 |p 17A0713325 |r 2026-02-21 21:45:09 |t č. 1-50 |w 2026-02-21 |y PREZ | ||
| 952 | |0 0 |1 0 |4 0 |7 0 |a SNK |b SNK |d 2015-06-04 |f 1 |i snkČSP 699/64 |l 0 |o snkČSB 556/14/1963 |p 17A0713327 |r 2026-02-21 21:45:09 |t č. 1-50 |w 2026-02-21 |y PREZ | ||
| 952 | |0 0 |1 0 |4 0 |7 0 |a SNK |b SNK |d 2015-06-04 |f 1 |i snkČSP 1623/61 |l 0 |o snkČSB 556/11/1960 |p 17A0713331 |r 2026-02-21 21:45:09 |t č. 1-23 |w 2026-02-21 |y PREZ | ||
| 952 | |0 0 |1 0 |4 0 |7 0 |a SNK |b SNK |d 2015-06-04 |f 1 |i snkČSP 1191/60 |l 0 |o snkČSB 556/10/1959 |p 17A0713337 |r 2026-02-21 21:45:09 |t č. 1-24 |w 2026-02-21 |y PREZ | ||
| 952 | |0 0 |1 0 |4 0 |7 0 |a SNK |b SNK |d 2015-06-04 |f 1 |i snkČSP 126/59 |l 0 |o snkČSB 556/9/1958 |p 17A0713365 |r 2026-02-21 21:45:09 |t č. 1-26 |w 2026-02-21 |y PREZ | ||
| 952 | |0 0 |1 0 |4 0 |7 0 |a SNK |b SNK |d 2015-06-04 |f 1 |i snkČSP 119/58 |l 0 |o snkČSB 556/8/1957 |p 17A0713391 |r 2026-02-21 21:45:09 |t č. 1-24 |w 2026-02-21 |y PREZ | ||
| 952 | |0 0 |1 0 |4 0 |7 0 |a SNK |b SNK |d 2015-06-04 |f 1 |i snkČSP 374/57 |l 0 |o snkČSB 556/7/1956 |p 17A0713344 |r 2026-02-21 21:45:09 |t č. 1-24, neúplné |w 2026-02-21 |y PREZ |z chýba č. 2 | ||
| 952 | |0 0 |1 0 |4 0 |7 0 |a SNK |b SNK |d 2015-06-05 |i snkČSP 531/80 |l 0 |o snkČSB 556/30/1979 D1 |p 17A1144589 |r 2026-02-21 21:45:26 |t č. 1-25 |w 2026-02-21 |y PREZ | ||
| 952 | |0 0 |1 0 |4 0 |7 0 |a SNK |b SNK |d 2015-06-05 |i snkČSP 347/77 |l 0 |o snkČSB 556/27/1976 D1 |p 17A1144590 |r 2026-02-21 21:45:26 |t č. 1-26 |w 2026-02-21 |y PREZ | ||
| 952 | |0 0 |1 0 |4 0 |7 0 |a SNK |b SNK |d 2015-06-05 |i snkČSP 222/75 |l 0 |o snkČSB 556/25/1974 D1 |p 17A1144591 |r 2026-02-21 21:45:26 |t č. 1-24 |w 2026-02-21 |y PREZ | ||
| 952 | |0 0 |1 0 |4 0 |7 0 |a SNK |b SNK |d 2015-06-05 |i snkČSP 207/66 |l 0 |o snkČSB 556/16/1965 D1 |p 17A1144592 |r 2026-02-21 21:45:26 |t č. 1-50 |w 2026-02-21 |y PREZ | ||
| 952 | |0 0 |1 0 |4 0 |7 0 |a SNK |b SNK |d 2015-06-05 |i snkXI. 3607/55 |l 0 |o snkČSB 556/2/1951 D1 |p 17A1144593 |r 2026-02-21 21:45:26 |t č. 1-25 |w 2026-02-21 |y PREZ |z č. 22 nevyšlo | ||
| 952 | |0 0 |1 0 |4 0 |7 0 |a SNK |b SNK |d 2015-06-05 |i snkČSP 968/67 |l 0 |o snkČSB 556/17/1966 D1 |p 17A0713321 |r 2026-02-21 21:45:26 |t č. 1-50 |w 2026-02-21 |y PREZ | ||
| 952 | |0 0 |1 0 |4 0 |7 0 |a SNK |b SNK |d 2015-06-05 |f 1 |i snkČSP 274/56 |l 0 |o snkČSB 556/6/1955 |p 17A0713393 |r 2026-02-21 21:45:38 |t č. 1-24 |w 2026-02-21 |y PREZ | ||
| 952 | |0 0 |1 0 |4 0 |7 0 |a SNK |b SNK |d 2015-06-05 |f 1 |i snkII. 1162/55 |l 0 |o snkČSB 556/5/1954 |p 17A0713314 |r 2026-02-21 21:45:38 |t č. 1-32 |w 2026-02-21 |y PREZ | ||
| 952 | |0 0 |1 0 |4 0 |7 0 |a SNK |b SNK |d 2015-06-05 |f 1 |i snk755/53 |l 0 |o snkČSB 556/3/1952 |p 17A0713323 |r 2026-02-21 21:45:38 |t č. 1-20 |w 2026-02-21 |y PREZ | ||
| 952 | |0 0 |1 0 |4 0 |7 0 |a SNK |b SNK |d 2015-06-05 |f 1 |i snk430/52 |l 0 |o snkČSB 556/2/1951 |p 17A0713312 |r 2026-02-21 21:45:38 |t č. 1-25 |w 2026-02-21 |y PREZ |z č. 22 nevyšlo | ||
| 952 | |0 0 |1 0 |4 0 |7 0 |a SNK |b SNK |d 2015-06-05 |f 1 |i snkČSP 126/81 |l 0 |o snkČSB 556/31/1980 |p 17A0713305 |r 2026-02-21 21:45:38 |t č. 1-25 |w 2026-02-21 |y PREZ | ||
| 952 | |0 0 |1 0 |4 0 |7 0 |a SNK |b SNK |d 2015-06-05 |f 1 |i snkČSP 530/80 |l 0 |o snkČSB 556/30/1979 |p 17A0713303 |r 2026-02-21 21:45:38 |t č. 1-25 |w 2026-02-21 |y PREZ | ||
| 952 | |0 0 |1 0 |4 0 |7 0 |a SNK |b SNK |d 2015-06-05 |f 1 |i snkČSP 585/1978 |l 0 |o snkČSB 556/29/1978 |p 17A0713302 |r 2026-02-21 21:45:38 |t č. 1-25 |w 2026-02-21 |y PREZ | ||
| 952 | |0 0 |1 0 |4 0 |7 0 |a SNK |b SNK |d 2015-06-05 |f 1 |i snkČSP 624/77 |l 0 |o snkČSB 556/28/1977 |p 17A0713307 |r 2026-02-21 21:45:49 |t č. 1-25 |w 2026-02-21 |y PREZ | ||
| 952 | |0 0 |1 0 |4 0 |7 0 |a SNK |b SNK |d 2015-06-05 |f 1 |i snkČSP 346/77 |l 0 |o snkČSB 556/27/1976 |p 17A0713309 |r 2026-02-21 21:45:49 |t č. 1-26 |w 2026-02-21 |y PREZ | ||
| 952 | |0 0 |1 0 |4 0 |7 0 |a SNK |b SNK |d 2015-06-05 |f 1 |i snkČSP 439/76 |l 0 |o snkČSB 556/26/1975 |p 17A0713328 |r 2026-02-21 21:45:49 |t č. 1-25 |w 2026-02-21 |y PREZ | ||
| 952 | |0 0 |1 0 |4 0 |7 0 |a SNK |b SNK |d 2015-06-05 |f 1 |i snkČSP 223/75 |l 0 |o snkČSB 556/25/1974 |p 17A0713320 |r 2026-02-21 21:45:49 |t č. 1-24 |w 2026-02-21 |y PREZ | ||
| 952 | |0 0 |1 0 |4 0 |7 0 |a SNK |b SNK |d 2015-06-05 |f 1 |i snkČSP 653/74 |l 0 |o snkČSB 556/24/1973 |p 17A0713313 |r 2026-02-21 21:45:49 |t č. 1-26 |w 2026-02-21 |y PREZ | ||
| 952 | |0 0 |1 0 |4 0 |7 0 |a SNK |b SNK |d 2015-06-05 |f 1 |i snkČSP 374/73 |l 0 |o snkČSB 556/23/1972 |p 17A0713316 |r 2026-02-21 21:45:49 |t č. 1-25 |w 2026-02-21 |y PREZ | ||
| 952 | |0 0 |1 0 |4 0 |7 0 |a SNK |b SNK |d 2015-06-05 |f 1 |i snkČSP 1193/72 |l 0 |o snkČSB 556/22/1971 |p 17A0713315 |r 2026-02-21 21:45:49 |t č. 1-26 |w 2026-02-21 |y PREZ | ||
| 952 | |0 0 |1 0 |4 0 |7 0 |a SNK |b SNK |d 2015-06-05 |f 1 |i snkČSP 2369/93 |l 0 |o snkČSB 556/43/1992 |p 17A0985068 |r 2026-02-21 21:45:49 |t č. 1-24 |w 2026-02-21 |y PREZ | ||
| 952 | |0 0 |1 0 |4 0 |7 0 |a SNK |b SNK |d 2015-06-05 |f 1 |i snkČSP 3575/94 |l 0 |o snkČSB 556/44/1993 |p 17A0985086 |r 2026-02-21 21:45:49 |t č. 1-24 |w 2026-02-21 |y PREZ | ||
| 952 | |0 0 |1 0 |4 0 |7 0 |a SNK |b SNK |d 2015-06-05 |f 1 |i snkČSP 3393/99 |l 0 |o snkČSB 556/45/1994 |p 17A0985075 |r 2026-02-21 21:45:49 |t č. 1-24 |w 2026-02-21 |y PREZ | ||
| 952 | |0 0 |1 0 |4 0 |7 0 |a SNK |b SNK |d 2015-06-05 |f 1 |i snkČSP 3391/99 |l 0 |o snkČSB 556/46/1995 |p 17A0985056 |r 2026-02-21 21:45:49 |t č. 1-24 |w 2026-02-21 |y PREZ | ||
| 952 | |0 0 |1 0 |4 0 |7 0 |a SNK |b SNK |d 2015-06-05 |f 1 |i snkČSP 3389/99 |l 0 |o snkČSB 556/47/1996 |p 17A0985080 |r 2026-02-21 21:45:49 |t č. 1-24 |w 2026-02-21 |y PREZ | ||
| 952 | |0 0 |1 0 |4 0 |7 0 |a SNK |b SNK |d 2015-06-05 |f 1 |i snkČSP 1820/2000 |l 0 |o snkČSB 556/48/1997 |p 17A0985069 |r 2026-02-21 21:45:50 |t č. 1-24 |w 2026-02-21 |y PREZ | ||
| 952 | |0 0 |1 0 |4 0 |7 0 |a SNK |b SNK |d 2015-06-05 |f 1 |i snkČSP 3690/99 |l 0 |o snkČSB 556/49/1998 |p 17A0985062 |r 2026-02-21 21:45:50 |t č. 1-12 |w 2026-02-21 |y PREZ | ||
| 952 | |0 0 |1 0 |4 0 |7 0 |a SNK |b SNK |d 2015-06-05 |f 1 |i snkČSP 1453/90 |l 0 |o snkČSB 556/40/1989 |p 17A0856873 |r 2026-02-21 21:45:50 |t č. 1-26 |w 2026-02-21 |y PREZ | ||
| 952 | |0 0 |1 0 |4 0 |7 0 |a SNK |b SNK |d 2015-06-05 |f 1 |i snkČSP 499/89 |l 0 |o snkČSB 556/39/1988 |p 17A0856546 |r 2026-02-21 21:45:50 |t č. 1-26 |w 2026-02-21 |y PREZ | ||
| 952 | |0 0 |1 0 |4 0 |7 0 |a SNK |b SNK |d 2015-06-05 |f 1 |i snkČSP 1295/88 |l 0 |o snkČSB 556/38/1987 |p 17A0856543 |r 2026-02-21 21:45:50 |t č. 1-25 |w 2026-02-21 |y PREZ | ||
| 952 | |0 0 |1 0 |4 0 |7 0 |a SNK |b SNK |d 2015-06-05 |f 1 |i snkČSP 555/87 |l 0 |o snkČSB 556/37/1986 |p 17A0857041 |r 2026-02-21 21:45:50 |t č. 1-25 |w 2026-02-21 |y PREZ | ||
| 952 | |0 0 |1 0 |4 0 |7 0 |a SNK |b SNK |d 2015-06-05 |f 1 |i snkČSP 1321/86 |l 0 |o snkČSB 556/36/1985 |p 17A0856626 |r 2026-02-21 21:45:50 |t č. 1-25 |w 2026-02-21 |y PREZ | ||
| 952 | |0 0 |1 0 |4 0 |7 0 |a SNK |b SNK |d 2015-06-05 |f 1 |i snkČSP 335/85 |l 0 |o snkČSB 556/35/1984 |p 17A0856554 |r 2026-02-21 21:45:50 |t č. 1-25 |w 2026-02-21 |y PREZ | ||
| 952 | |0 0 |1 0 |4 0 |7 0 |a SNK |b SNK |d 2015-06-05 |f 1 |i snkČSP 423/84 |l 0 |o snkČSB 556/34/1983 |p 17A0856627 |r 2026-02-21 21:45:50 |t č. 1-25 |w 2026-02-21 |y PREZ | ||
| 952 | |0 0 |1 0 |4 0 |7 0 |a SNK |b SNK |d 2015-06-05 |f 1 |i snkČSP 549/83 |l 0 |o snkČSB 556/33/1982 |p 17A0856623 |r 2026-02-21 21:45:50 |t č. 1-25 |w 2026-02-21 |y PREZ | ||
| 952 | |0 0 |1 0 |4 0 |7 0 |a SNK |b SNK |d 2015-06-05 |f 1 |i snkČSP 265/82 |l 0 |o snkČSB 556/32/1981 |p 17A0856629 |r 2026-02-21 21:45:50 |t č. 1-25 |w 2026-02-21 |y PREZ | ||
| 952 | |0 0 |1 0 |4 0 |7 0 |8 1 |a SNK |b SNK |d 2016-01-13 |f 1 |i snk2016/566 |l 0 |o snkČSB 556/50/1999 |p 17A1097451 |r 2026-02-21 21:53:37 |t č. 1-3 |w 2026-02-21 |y PREZ | ||
| 952 | |0 0 |1 0 |4 0 |7 0 |8 1 |a SNK |b SNK |d 2016-01-13 |f 1 |i snk2016/581 |l 0 |o snkČSB 556/51/2000 |p 17A1097452 |r 2026-02-21 21:53:41 |t č. 1 |w 2026-02-21 |y PREZ | ||
| 952 | |0 0 |1 0 |4 0 |7 0 |8 1 |a SNK |b SNK |d 2016-01-13 |f 1 |i snk2016/582 |l 0 |o snkČSB 556/52/2001 |p 17A1097453 |r 2026-02-21 21:53:41 |t č. 1 |w 2026-02-21 |y PREZ | ||
| 952 | |0 0 |1 0 |4 0 |7 0 |8 1 |a SNK |b SNK |d 2016-01-13 |f 1 |i snk2016/585 |l 0 |o snkČSB 556/53/2002 |p 17A1097454 |r 2026-02-21 21:53:41 |t č. 1-2 |w 2026-02-21 |y PREZ | ||
| 952 | |0 0 |1 0 |4 0 |7 0 |8 1 |a SNK |b SNK |d 2016-01-13 |f 1 |i snk2016/589 |l 0 |o snkČSB 556/54/2003 |p 17A1097455 |r 2026-02-21 21:53:41 |t č. 1-2 |w 2026-02-21 |y PREZ | ||
| 952 | |0 0 |1 0 |4 0 |7 0 |8 1 |a SNK |b SNK |d 2016-01-13 |f 1 |i snk2016/590 |l 0 |o snkČSB 556/55/2004 |p 17A1097456 |r 2026-02-21 21:53:42 |t č. 1 |w 2026-02-21 |y PREZ | ||
| 952 | |0 0 |1 0 |4 0 |7 0 |8 5 |a SNK |b SNK |d 2016-03-01 |f 1 |i snkČSF 655/56 |l 0 |o snkČSB 556/4/1953 |p 17A0713345 |r 2026-02-21 22:02:28 |t č. 1-24 |w 2026-02-21 |y NEVYP | ||


